[Event "Ekstraliga 2019"]
[Site "Katowice"]
[Date "2019.09.04"]
[Round "8.14"]
[White "Bluebaum, Matthias"]
[Black "Shevchenko, Kirill"]
[Result "1/2-1/2"]
[BlackElo "2556"]
[WhiteElo "2619"]
[WhiteTeam "KSz Stilon Gorzow"]
[BlackTeam "KSz Miedz Legnica"]
[LiveChessVersion "1.4.8"]

1. d4 {[%clk 1:30:57]} Nf6 {[%clk 1:30:52]} 2. c4 {[%clk 1:31:19]} g6
{[%clk 1:31:18]} 3. Nc3 {[%clk 1:31:30]} d5 {[%clk 1:31:43]} 4. cxd5
{[%clk 1:31:00]} Nxd5 {[%clk 1:32:06]} 5. e4 {[%clk 1:31:26]} Nxc3
{[%clk 1:32:27]} 6. bxc3 {[%clk 1:31:53]} Bg7 {[%clk 1:32:46]} 7. Bc4
{[%clk 1:31:16]} c5 {[%clk 1:31:51]} 8. Ne2 {[%clk 1:31:42]} O-O {[%clk 1:31:30]}
9. O-O {[%clk 1:32:05]} Nc6 {[%clk 1:31:30]} 10. Be3 {[%clk 1:32:30]} b6
{[%clk 1:31:57]} 11. Rc1 {[%clk 1:31:32]} Bb7 {[%clk 1:30:56]} 12. Qd2
{[%clk 1:30:55]} e6 {[%clk 1:29:36]} 13. Rfd1 {[%clk 1:29:07]} Rc8
{[%clk 1:28:06]} 14. f3 {[%clk 1:28:43]} Qe7 {[%clk 1:21:10]} 15. Bg5
{[%clk 1:22:37]} Bf6 {[%clk 1:20:50]} 16. h4 {[%clk 1:20:40]} Rfd8
{[%clk 1:20:55]} 17. Qe3 {[%clk 1:14:55]} h5 {[%clk 0:55:04]} 18. Kf2
{[%clk 1:03:57]} Bxg5 {[%clk 0:45:19]} 19. hxg5 {[%clk 1:03:02]} Na5
{[%clk 0:35:56]} 20. Bd3 {[%clk 0:56:09]} cxd4 {[%clk 0:28:25]} 21. cxd4
{[%clk 0:54:23]} Rxc1 {[%clk 0:28:47]} 22. Rxc1 {[%clk 0:52:37]} Qa3
{[%clk 0:26:35]} 23. Bb5 {[%clk 0:31:00]} Qb4 {[%clk 0:19:47]} 24. Qd3
{[%clk 0:28:28]} Qe7 {[%clk 0:13:13]} 25. Qd2 {[%clk 0:24:39]} Qd6
{[%clk 0:11:46]} 26. Qe3 {[%clk 0:21:53]} Qb4 {[%clk 0:10:01]} 27. Qd3
{[%clk 0:21:08]} Qe7 {[%clk 0:10:27]} 1/2-1/2

[Event "Ekstraliga 2019"]
[Site "Katowice"]
[Date "2019.09.04"]
[Round "8.15"]
[White "Kriebel, Tadeas"]
[Black "Janik, Igor"]
[Result "1/2-1/2"]
[BlackElo "2483"]
[WhiteElo "2531"]
[WhiteTeam "KSz Miedz Legnica"]
[BlackTeam "KSz Stilon Gorzow"]
[LiveChessVersion "1.4.8"]

1. e4 {[%clk 1:30:56]} c6 {[%clk 1:30:52]} 2. d4 {[%clk 1:31:21]} d5
{[%clk 1:31:18]} 3. e5 {[%clk 1:31:47]} Bf5 {[%clk 1:31:44]} 4. Nf3
{[%clk 1:32:09]} e6 {[%clk 1:32:07]} 5. Be2 {[%clk 1:32:34]} c5 {[%clk 1:32:32]}
6. Be3 {[%clk 1:32:46]} Qb6 {[%clk 1:32:57]} 7. Nc3 {[%clk 1:33:01]} Nc6
{[%clk 1:33:22]} 8. O-O {[%clk 1:33:14]} Qxb2 {[%clk 1:33:46]} 9. Qe1
{[%clk 1:33:39]} cxd4 {[%clk 1:34:02]} 10. Bxd4 {[%clk 1:33:56]} Nxd4
{[%clk 1:34:14]} 11. Nxd4 {[%clk 1:34:18]} Bb4 {[%clk 1:34:39]} 12. Rb1
{[%clk 1:34:43]} Bxc3 {[%clk 1:34:04]} 13. Rxb2 {[%clk 1:35:07]} Bxe1
{[%clk 1:34:28]} 14. Rxe1 {[%clk 1:35:33]} b6 {[%clk 1:30:27]} 15. Bb5+
{[%clk 1:26:16]} Kf8 {[%clk 1:29:42]} 16. Nxf5 {[%clk 1:26:38]} exf5
{[%clk 1:30:05]} 17. c4 {[%clk 1:26:57]} dxc4 {[%clk 1:27:40]} 18. Bxc4
{[%clk 1:24:57]} Nh6 {[%clk 1:16:48]} 19. e6 {[%clk 1:09:39]} Re8
{[%clk 1:16:42]} 20. Rd2 {[%clk 1:06:47]} fxe6 {[%clk 1:15:47]} 21. Bxe6
{[%clk 1:03:18]} g6 {[%clk 1:15:30]} 22. Rd7 {[%clk 1:03:29]} Re7 23. Rxe7
{[%clk 1:03:54]} Kxe7 {[%clk 1:15:55]} 24. Bxf5+ {[%clk 0:54:32]} Kd6
{[%clk 1:10:16]} 25. Re6+ {[%clk 0:54:58]} Kd5 {[%clk 1:09:39]} 26. Bh3
{[%clk 0:52:59]} Rc8 {[%clk 1:08:12]} 27. g3 {[%clk 0:48:40]} Rc7 28. Kg2 Nf7
{[%clk 1:05:58]} 29. Re2 {[%clk 0:48:05]} Ne5 {[%clk 1:04:36]} 30. Rd2+
{[%clk 0:46:36]} Kc5 {[%clk 1:04:52]} 31. Be6 {[%clk 0:46:05]} Kb4
{[%clk 1:04:13]} 32. h4 {[%clk 0:45:39]} Re7 {[%clk 1:03:26]} 33. Bg8
{[%clk 0:44:29]} Nc4 {[%clk 1:00:06]} 34. Bxc4 {[%clk 0:24:37]} Kxc4
{[%clk 0:59:54]} 35. f4 {[%clk 0:24:06]} b5 {[%clk 0:57:28]} 36. Kf3
{[%clk 0:21:09]} Kc3 {[%clk 0:54:27]} 37. Rf2 {[%clk 0:18:49]} Kd3
{[%clk 0:53:52]} 38. g4 {[%clk 0:17:32]} Re3+ {[%clk 0:48:30]} 39. Kg2
{[%clk 0:17:58]} Re4 {[%clk 0:48:34]} 40. Kg3 {[%clk 0:48:19]} Re3+
{[%clk 1:18:52]} 41. Kg2 {[%clk 0:48:45]} Re4 {[%clk 1:19:11]} 1/2-1/2

[Event "Ekstraliga 2019"]
[Site "Katowice"]
[Date "2019.09.04"]
[Round "8.16"]
[White "Tomczak, Mikolaj"]
[Black "Simacek, Pavel"]
[Result "1-0"]
[BlackElo "2479"]
[WhiteElo "2432"]
[WhiteTeam "KSz Stilon Gorzow"]
[BlackTeam "KSz Miedz Legnica"]
[LiveChessVersion "1.4.8"]

1. d4 {[%clk 1:30:57]} Nf6 {[%clk 1:30:34]} 2. Nf3 {[%clk 1:31:16]} d6
{[%clk 1:30:45]} 3. g3 {[%clk 1:31:01]} g6 {[%clk 1:31:02]} 4. Bg2
{[%clk 1:31:25]} Bg7 {[%clk 1:31:28]} 5. O-O {[%clk 1:31:44]} O-O
{[%clk 1:31:45]} 6. c4 {[%clk 1:31:14]} c6 {[%clk 1:25:56]} 7. Nc3
{[%clk 1:31:39]} Nbd7 {[%clk 1:26:16]} 8. e4 {[%clk 1:31:37]} e5 {[%clk 1:26:37]}
9. h3 {[%clk 1:30:48]} exd4 {[%clk 1:26:45]} 10. Nxd4 {[%clk 1:31:13]} Re8
{[%clk 1:27:02]} 11. Bf4 {[%clk 1:28:13]} Nc5 {[%clk 1:19:16]} 12. Re1
{[%clk 1:28:19]} Nh5 {[%clk 1:18:48]} 13. Be3 {[%clk 1:28:30]} a5
{[%clk 1:18:45]} 14. b3 {[%clk 1:25:52]} Bd7 {[%clk 1:10:45]} 15. Qd2
{[%clk 1:22:07]} Qc7 {[%clk 1:09:24]} 16. Rad1 {[%clk 1:21:39]} Rad8
{[%clk 1:02:05]} 17. Bg5 {[%clk 1:15:17]} Bf6 {[%clk 0:59:12]} 18. g4
{[%clk 1:08:01]} Bxg5 {[%clk 0:59:15]} 19. Qxg5 {[%clk 1:08:27]} Re5
{[%clk 0:58:25]} 20. Qh6 {[%clk 1:08:14]} Nf6 {[%clk 0:58:10]} 21. Nf3
{[%clk 1:07:42]} Re7 {[%clk 0:55:56]} 22. Ng5 {[%clk 1:00:46]} Rde8
{[%clk 0:50:44]} 23. Re3 {[%clk 0:58:34]} Bc8 {[%clk 0:48:19]} 24. Rf3
{[%clk 0:55:59]} Ncd7 {[%clk 0:48:43]} 25. c5 {[%clk 0:51:22]} d5
{[%clk 0:48:23]} 26. Bf1 {[%clk 0:48:28]} d4 {[%clk 0:37:59]} 27. Rxd4
{[%clk 0:48:42]} Qe5 {[%clk 0:38:23]} 28. Rd6 {[%clk 0:45:12]} b6
{[%clk 0:38:32]} 29. Bc4 {[%clk 0:44:59]} Re6 {[%clk 0:29:35]} 30. Bxe6
{[%clk 0:44:28]} 1-0

[Event "Ekstraliga 2019"]
[Site "Katowice"]
[Date "2019.09.04"]
[Round "8.17"]
[White "Bobras, Piotr"]
[Black "Czerwonski, Aleksander"]
[Result "1-0"]
[BlackElo "2365"]
[WhiteElo "2488"]
[WhiteTeam "KSz Miedz Legnica"]
[BlackTeam "KSz Stilon Gorzow"]
[LiveChessVersion "1.4.8"]

1. e4 {[%clk 1:30:55]} e5 {[%clk 1:30:52]} 2. Nf3 {[%clk 1:31:19]} Nc6
{[%clk 1:31:03]} 3. Bb5 {[%clk 1:31:42]} a6 {[%clk 1:31:27]} 4. Ba4
{[%clk 1:32:08]} Nf6 {[%clk 1:31:56]} 5. O-O {[%clk 1:32:30]} Be7
{[%clk 1:32:21]} 6. Re1 {[%clk 1:32:50]} b5 {[%clk 1:32:43]} 7. Bb3
{[%clk 1:33:16]} d6 {[%clk 1:33:09]} 8. c3 {[%clk 1:33:40]} O-O {[%clk 1:33:34]}
9. h3 {[%clk 1:34:06]} Na5 {[%clk 1:33:47]} 10. Bc2 {[%clk 1:34:31]} c5
{[%clk 1:34:14]} 11. d4 {[%clk 1:34:51]} Qc7 {[%clk 1:34:40]} 12. Nbd2
{[%clk 1:35:03]} cxd4 {[%clk 1:34:46]} 13. cxd4 {[%clk 1:35:30]} Nc6
{[%clk 1:35:09]} 14. Nb3 {[%clk 1:35:39]} a5 {[%clk 1:35:05]} 15. Be3
{[%clk 1:36:02]} a4 {[%clk 1:35:32]} 16. Nbd2 {[%clk 1:36:28]} Be6
{[%clk 1:35:29]} 17. a3 {[%clk 1:27:45]} exd4 {[%clk 1:31:06]} 18. Nxd4
{[%clk 1:27:37]} Nxd4 {[%clk 1:31:26]} 19. Bxd4 {[%clk 1:28:04]} Nd7
{[%clk 1:26:27]} 20. Bd3 {[%clk 1:20:46]} Qb8 {[%clk 1:17:03]} 21. Nf3
{[%clk 1:01:23]} Ne5 {[%clk 1:14:37]} 22. Bc3 {[%clk 0:57:21]} Bf6
{[%clk 1:02:39]} 23. Nd4 {[%clk 0:56:27]} Nxd3 {[%clk 0:59:27]} 24. Qxd3
{[%clk 0:56:50]} Bc4 {[%clk 0:57:02]} 25. Qg3 {[%clk 0:46:17]} Be5
{[%clk 0:50:03]} 26. f4 {[%clk 0:46:25]} Bxd4+ {[%clk 0:50:13]} 27. Bxd4
{[%clk 0:46:54]} f6 {[%clk 0:50:10]} 28. Kh2 {[%clk 0:39:59]} Qb7
{[%clk 0:48:21]} 29. Re3 {[%clk 0:38:40]} Rae8 {[%clk 0:46:16]} 30. Rae1
{[%clk 0:39:01]} Qc6 {[%clk 0:36:25]} 31. Bc3 {[%clk 0:37:12]} Rf7
{[%clk 0:32:42]} 32. f5 {[%clk 0:35:18]} Kh8 {[%clk 0:30:09]} 33. Qf4
{[%clk 0:35:21]} Qc7 {[%clk 0:11:17]} 34. g4 {[%clk 0:33:39]} Kg8
{[%clk 0:07:25]} 35. g5 {[%clk 0:22:30]} fxg5 {[%clk 0:06:27]} 36. Qxg5
{[%clk 0:22:50]} d5+ {[%clk 0:04:04]} 37. e5 {[%clk 0:22:11]} Ref8
{[%clk 0:04:04]} 38. Rf3 {[%clk 0:20:16]} d4 {[%clk 0:01:15]} 39. Bb4
{[%clk 0:18:57]} Re8 {[%clk 0:01:10]} 40. Rg3 {[%clk 0:48:50]} Bd5
{[%clk 0:30:55]} 41. e6 {[%clk 0:38:09]} Rf6 {[%clk 0:26:27]} 42. Bd6
{[%clk 0:32:41]} 1-0

[Event "Ekstraliga 2019"]
[Site "Katowice"]
[Date "2019.09.04"]
[Round "8.18"]
[White "Cyfka, Karina"]
[Black "Kiolbasa, Oliwia"]
[Result "1-0"]
[BlackElo "2244"]
[WhiteElo "2413"]
[WhiteTeam "KSz Stilon Gorzow"]
[BlackTeam "KSz Miedz Legnica"]
[LiveChessVersion "1.4.8"]

1. d4 {[%clk 1:30:56]} Nf6 {[%clk 1:30:53]} 2. Nc3 {[%clk 1:31:20]} d5
{[%clk 1:30:30]} 3. Bf4 {[%clk 1:31:40]} c6 {[%clk 1:29:27]} 4. e3
{[%clk 1:29:56]} Bf5 {[%clk 1:22:42]} 5. f3 {[%clk 1:28:02]} e6 {[%clk 1:16:15]}
6. g4 {[%clk 1:27:15]} Bg6 {[%clk 1:16:39]} 7. h4 {[%clk 1:27:37]} h5
{[%clk 1:16:46]} 8. g5 {[%clk 1:27:19]} Ng8 {[%clk 1:17:07]} 9. Bd3
{[%clk 1:17:36]} Ne7 {[%clk 1:15:52]} 10. Nge2 {[%clk 1:13:50]} Nf5
{[%clk 1:10:33]} 11. Qd2 {[%clk 1:12:13]} b5 {[%clk 1:04:06]} 12. e4
{[%clk 0:59:11]} Nd6 {[%clk 0:58:35]} 13. exd5 {[%clk 0:49:25]} exd5
{[%clk 0:58:35]} 14. Bxg6 {[%clk 0:46:57]} fxg6 {[%clk 0:58:55]} 15. O-O-O
{[%clk 0:38:00]} Be7 {[%clk 0:57:21]} 16. Qd3 {[%clk 0:35:58]} Nf5
{[%clk 0:56:20]} 17. Be5 {[%clk 0:35:00]} O-O {[%clk 0:47:20]} 18. Nf4
{[%clk 0:32:03]} Kh7 {[%clk 0:47:40]} 19. Bxg7 {[%clk 0:18:37]} Rf7
{[%clk 0:48:02]} 20. Be5 {[%clk 0:18:18]} Nd7 {[%clk 0:46:37]} 21. Nce2
{[%clk 0:18:35]} Nxe5 {[%clk 0:45:48]} 22. dxe5 {[%clk 0:19:02]} Qb8
{[%clk 0:43:17]} 23. Nxg6 {[%clk 0:14:05]} Kxg6 {[%clk 0:43:27]} 24. Nf4+
{[%clk 0:14:28]} Kg7 {[%clk 0:43:44]} 25. Nxh5+ {[%clk 0:07:49]} Kg6
{[%clk 0:42:18]} 26. Nf4+ {[%clk 0:07:53]} Kg7 {[%clk 0:42:42]} 27. Rde1
{[%clk 0:04:52]} Qg8 {[%clk 0:39:29]} 28. Qc3 {[%clk 0:02:58]} d4
{[%clk 0:37:41]} 29. Qxc6 {[%clk 0:02:21]} Rc8 {[%clk 0:37:46]} 30. Qxb5
{[%clk 0:01:34]} Ng3 {[%clk 0:32:57]} 31. Ne6+ {[%clk 0:01:28]} Kh8
{[%clk 0:33:05]} 32. Rhg1 {[%clk 0:01:33]} Qg6 {[%clk 0:31:30]} 33. Nxd4
{[%clk 0:01:51]} Bc5 {[%clk 0:31:18]} 34. Rxg3 {[%clk 0:00:51]} Bxd4
{[%clk 0:31:46]} 35. Rg2 {[%clk 0:01:09]} Rxf3 {[%clk 0:30:00]} 36. Qd7
{[%clk 0:01:06]} Be3+ {[%clk 0:28:12]} 37. Kb1 {[%clk 0:00:55]} Rff8
{[%clk 0:27:20]} 38. h5 {[%clk 0:00:43]} Qg7 {[%clk 0:26:21]} 39. Qd3
{[%clk 0:00:37]} Qb7 {[%clk 0:22:53]} 40. Rg4 {[%clk 0:30:36]} Qf3
{[%clk 0:51:06]} 41. Qe4 {[%clk 0:26:36]} Qxe4 {[%clk 0:40:51]} 42. Rxe4
{[%clk 0:26:57]} Bxg5 {[%clk 0:41:16]} 43. e6 {[%clk 0:23:23]} Be7
{[%clk 0:40:20]} 44. c3 {[%clk 0:20:44]} Rc6 {[%clk 0:36:38]} 45. Rd1
{[%clk 0:19:43]} a6 {[%clk 0:36:16]} 46. Rd7 {[%clk 0:18:27]} Re8
{[%clk 0:36:14]} 47. Kc2 {[%clk 0:17:31]} Kg7 {[%clk 0:36:12]} 48. Ra7
{[%clk 0:16:29]} Kh6 {[%clk 0:34:28]} 49. Ra4 {[%clk 0:14:43]} Rxe6
{[%clk 0:34:50]} 50. R7xa6 {[%clk 0:14:54]} Rxa6 {[%clk 0:34:01]} 51. Rxa6+
{[%clk 0:15:20]} Kxh5 {[%clk 0:34:26]} 52. Re6 {[%clk 0:14:58]} Kg5
{[%clk 0:34:49]} 53. b4 {[%clk 0:14:47]} Kf5 {[%clk 0:35:13]} 54. Re2
{[%clk 0:15:09]} Kf6 {[%clk 0:35:37]} 55. a4 {[%clk 0:15:26]} Rb8
{[%clk 0:32:13]} 56. Kb3 {[%clk 0:15:40]} Bd6 {[%clk 0:32:37]} 57. a5
{[%clk 0:15:09]} Be5 {[%clk 0:32:59]} 58. c4 {[%clk 0:13:52]} Ke6
{[%clk 0:32:58]} 59. b5 {[%clk 0:13:02]} Kd6 {[%clk 0:32:30]} 60. Kb4
{[%clk 0:09:37]} Bf4 {[%clk 0:31:23]} 61. Rg2 {[%clk 0:09:19]} Rh8
{[%clk 0:27:54]} 62. Rg6+ {[%clk 0:08:10]} Kc7 {[%clk 0:28:14]} 63. b6+
{[%clk 0:08:15]} Kb7 {[%clk 0:28:29]} 64. Kb5 {[%clk 0:08:23]} Rh1
{[%clk 0:24:44]} 65. a6+ {[%clk 0:06:56]} Ka8 {[%clk 0:24:54]} 66. Rg8+
{[%clk 0:06:32]} Bb8 {[%clk 0:25:14]} 67. a7 {[%clk 0:06:46]} Rb1+
{[%clk 0:25:37]} 68. Kc5 {[%clk 0:07:01]} 1-0

[Event "Ekstraliga 2019"]
[Site "Katowice"]
[Date "2019.09.04"]
[Round "8.19"]
[White "Tomczak, Jacek"]
[Black "Heberla, Bartlomiej"]
[Result "1-0"]
[BlackElo "2552"]
[WhiteElo "2628"]
[WhiteTeam "Akademia Szachowa Gliwice"]
[BlackTeam "Baszta MOS Znin"]
[LiveChessVersion "1.4.8"]

1. e4 {[%clk 1:30:59]} g6 {[%clk 1:30:54]} 2. d4 {[%clk 1:31:09]} Bg7
{[%clk 1:31:22]} 3. Nc3 {[%clk 1:31:01]} c6 {[%clk 1:31:50]} 4. Be2
{[%clk 1:31:13]} d5 {[%clk 1:31:13]} 5. e5 {[%clk 1:31:22]} Nh6 {[%clk 1:27:32]}
6. h4 {[%clk 1:13:26]} f6 {[%clk 1:27:49]} 7. h5 {[%clk 1:11:42]} g5
{[%clk 1:25:58]} 8. f4 {[%clk 0:56:08]} g4 {[%clk 1:22:30]} 9. Bd3
{[%clk 0:56:21]} O-O {[%clk 1:03:19]} 10. Nge2 {[%clk 0:46:43]} f5
{[%clk 0:48:14]} 11. Na4 {[%clk 0:40:59]} b6 {[%clk 0:42:48]} 12. b3
{[%clk 0:40:14]} e6 {[%clk 0:32:02]} 13. Ba3 {[%clk 0:35:44]} Rf7
{[%clk 0:31:06]} 14. Qd2 {[%clk 0:35:26]} Bf8 {[%clk 0:26:04]} 15. Bxf8
{[%clk 0:35:36]} Qxf8 {[%clk 0:26:32]} 16. c4 {[%clk 0:32:23]} dxc4
{[%clk 0:21:03]} 17. bxc4 {[%clk 0:32:24]} Bb7 {[%clk 0:17:10]} 18. d5
{[%clk 0:11:18]} cxd5 {[%clk 0:17:12]} 19. Nd4 {[%clk 0:11:20]} Qe7
{[%clk 0:10:35]} 20. Nc3 {[%clk 0:10:20]} Nc6 {[%clk 0:10:37]} 21. Nxc6
{[%clk 0:08:04]} Bxc6 {[%clk 0:11:05]} 22. cxd5 {[%clk 0:08:30]} Bxd5
{[%clk 0:09:16]} 23. Nxd5 {[%clk 0:08:52]} exd5 {[%clk 0:09:44]} 24. Rc1
{[%clk 0:07:47]} Rff8 {[%clk 0:05:33]} 25. Rc6 {[%clk 0:07:17]} Kg7
{[%clk 0:02:58]} 26. Qc3 {[%clk 0:05:36]} d4 {[%clk 0:03:27]} 27. Qxd4
{[%clk 0:05:59]} Rac8 {[%clk 0:01:44]} 28. Rxc8 {[%clk 0:04:01]} Rxc8
{[%clk 0:02:12]} 29. Kf2 {[%clk 0:04:24]} Rd8 {[%clk 0:02:02]} 30. Qc3
{[%clk 0:04:33]} Qc5+ {[%clk 0:00:34]} 31. Qxc5 {[%clk 0:04:59]} bxc5
{[%clk 0:01:03]} 32. Ke3 {[%clk 0:03:59]} Ng8 {[%clk 0:01:21]} 33. Bxf5
{[%clk 0:03:49]} Ne7 {[%clk 0:01:35]} 34. h6+ {[%clk 0:04:01]} 1-0

[Event "Ekstraliga 2019"]
[Site "Katowice"]
[Date "2019.09.04"]
[Round "8.20"]
[White "Maksimenko, Andrei"]
[Black "Czarnota, Pawel"]
[Result "1/2-1/2"]
[BlackElo "2532"]
[WhiteElo "2468"]
[WhiteTeam "Baszta MOS Znin"]
[BlackTeam "Akademia Szachowa Gliwice"]
[LiveChessVersion "1.4.8"]

1. d4 {[%clk 1:30:52]} Nf6 {[%clk 1:30:49]} 2. Bf4 {[%clk 1:31:14]} g6
{[%clk 1:31:11]} 3. e3 {[%clk 1:30:24]} Bg7 {[%clk 1:31:24]} 4. Nf3
{[%clk 1:30:38]} d6 {[%clk 1:31:22]} 5. c4 {[%clk 1:30:15]} O-O {[%clk 1:31:13]}
6. Nc3 {[%clk 1:30:37]} Nbd7 {[%clk 1:30:49]} 7. h3 {[%clk 1:30:43]} b6
{[%clk 1:30:09]} 8. Be2 {[%clk 1:27:00]} Bb7 {[%clk 1:28:02]} 9. Qc2
{[%clk 1:22:51]} e5 {[%clk 1:22:01]} 10. dxe5 {[%clk 1:18:31]} dxe5
{[%clk 1:22:01]} 11. Bh2 {[%clk 1:17:48]} Qe7 {[%clk 1:12:55]} 12. O-O
{[%clk 1:16:07]} a6 {[%clk 1:04:41]} 1/2-1/2

[Event "Ekstraliga 2019"]
[Site "Katowice"]
[Date "2019.09.04"]
[Round "8.21"]
[White "Olszewski, Michal"]
[Black "Piesik, Piotr"]
[Result "1-0"]
[BlackElo "2409"]
[WhiteElo "2522"]
[WhiteTeam "Akademia Szachowa Gliwice"]
[BlackTeam "Baszta MOS Znin"]
[LiveChessVersion "1.4.8"]

1. e4 {[%clk 1:30:56]} e6 {[%clk 1:30:41]} 2. d4 {[%clk 1:31:18]} d5
{[%clk 1:31:07]} 3. Nc3 {[%clk 1:31:35]} Bb4 {[%clk 1:31:21]} 4. exd5
{[%clk 1:31:57]} exd5 {[%clk 1:31:13]} 5. Bd3 {[%clk 1:32:20]} Nc6
{[%clk 1:31:01]} 6. a3 {[%clk 1:32:37]} Bxc3+ {[%clk 1:27:58]} 7. bxc3
{[%clk 1:32:06]} Nge7 {[%clk 1:28:00]} 8. Qf3 {[%clk 1:32:14]} Be6
{[%clk 1:24:46]} 9. Ne2 {[%clk 1:32:37]} Qd7 {[%clk 1:21:19]} 10. O-O
{[%clk 1:27:00]} O-O-O {[%clk 0:57:52]} 11. Rb1 {[%clk 1:20:48]} Bf5
{[%clk 0:51:33]} 12. Bf4 {[%clk 1:13:09]} Bxd3 {[%clk 0:45:37]} 13. cxd3
{[%clk 1:03:09]} f6 {[%clk 0:43:01]} 14. c4 {[%clk 0:55:48]} g5 {[%clk 0:30:21]}
15. Bg3 {[%clk 0:49:18]} f5 {[%clk 0:27:22]} 16. Be5 {[%clk 0:48:47]} Nxe5
{[%clk 0:25:52]} 17. dxe5 {[%clk 0:49:10]} g4 {[%clk 0:26:21]} 18. Qe3
{[%clk 0:47:11]} d4 {[%clk 0:26:39]} 19. Qd2 {[%clk 0:42:01]} Ng6
{[%clk 0:19:49]} 20. Qa5 {[%clk 0:27:10]} Kb8 {[%clk 0:20:04]} 21. Rb4
{[%clk 0:25:11]} b6 {[%clk 0:13:06]} 22. c5 {[%clk 0:20:14]} Qc6 {[%clk 0:13:05]}
23. cxb6 {[%clk 0:15:28]} axb6 {[%clk 0:08:06]} 24. Rfb1 {[%clk 0:15:39]} Kb7
{[%clk 0:06:13]} 25. Nxd4 {[%clk 0:13:56]} Rxd4 {[%clk 0:05:08]} 26. Rxd4
{[%clk 0:14:15]} Ra8 {[%clk 0:03:46]} 27. Qd5 {[%clk 0:11:55]} Qxd5
{[%clk 0:03:37]} 28. Rxd5 {[%clk 0:12:23]} Kc6 {[%clk 0:04:06]} 29. Rd4
{[%clk 0:11:30]} Nxe5 {[%clk 0:04:30]} 30. Rc1+ {[%clk 0:11:54]} Kb7
{[%clk 0:04:56]} 31. Rd5 {[%clk 0:10:59]} Nc6 {[%clk 0:05:16]} 32. Rd7
{[%clk 0:09:10]} Rxa3 {[%clk 0:04:41]} 33. d4 {[%clk 0:09:30]} Ka6
{[%clk 0:04:50]} 34. h3 {[%clk 0:06:34]} Nb8 {[%clk 0:04:18]} 35. Rdxc7
{[%clk 0:06:17]} gxh3 {[%clk 0:04:29]} 36. Rc8 {[%clk 0:06:01]} Kb7
{[%clk 0:04:27]} 37. R1c7+ {[%clk 0:06:25]} Ka8 {[%clk 0:04:56]} 38. Rxh7
{[%clk 0:06:02]} Ra1+ {[%clk 0:05:21]} 39. Kh2 {[%clk 0:06:25]} hxg2
{[%clk 0:05:47]} 40. Kxg2 {[%clk 0:36:52]} Ra7 {[%clk 0:36:09]} 41. Rcc7
{[%clk 0:34:29]} Ra5 {[%clk 0:31:06]} 42. d5 {[%clk 0:33:42]} 1-0

[Event "Ekstraliga 2019"]
[Site "Katowice"]
[Date "2019.09.04"]
[Round "8.22"]
[White "Simantsev, Mikhail"]
[Black "Warakomski, Tomasz"]
[Result "1/2-1/2"]
[BlackElo "2497"]
[WhiteElo "2346"]
[WhiteTeam "Baszta MOS Znin"]
[BlackTeam "Akademia Szachowa Gliwice"]
[LiveChessVersion "1.4.8"]

1. d4 {[%clk 1:27:55]} d6 {[%clk 1:30:38]} 2. Nf3 {[%clk 1:27:48]} Bg4
{[%clk 1:30:59]} 3. c4 {[%clk 1:27:48]} Nd7 {[%clk 1:31:23]} 4. Nc3
{[%clk 1:21:50]} e5 {[%clk 1:31:30]} 5. g3 {[%clk 1:15:44]} Be7 {[%clk 1:31:42]}
6. Bg2 {[%clk 1:16:03]} c6 {[%clk 1:32:09]} 7. d5 {[%clk 1:05:34]} c5
{[%clk 1:27:26]} 8. h3 {[%clk 0:57:20]} Bh5 {[%clk 1:16:09]} 9. e4
{[%clk 0:50:30]} a6 {[%clk 1:13:43]} 10. g4 {[%clk 0:39:53]} Bg6 {[%clk 1:14:07]}
11. h4 {[%clk 0:40:14]} h6 {[%clk 1:04:50]} 12. h5 {[%clk 0:32:51]} Bh7
{[%clk 1:03:19]} 13. Qe2 {[%clk 0:33:20]} Bg5 {[%clk 0:59:54]} 14. Nxg5
{[%clk 0:31:05]} hxg5 {[%clk 1:00:17]} 15. Be3 {[%clk 0:28:38]} Nh6
{[%clk 1:00:06]} 16. f3 {[%clk 0:27:39]} f6 {[%clk 0:58:15]} 17. Bf1
{[%clk 0:27:48]} Bg8 {[%clk 0:48:42]} 18. a3 {[%clk 0:27:20]} Bf7
{[%clk 0:48:33]} 19. b4 {[%clk 0:26:35]} b6 {[%clk 0:48:42]} 20. Qd2
{[%clk 0:23:05]} O-O {[%clk 0:34:36]} 21. Bd3 {[%clk 0:22:40]} Qc7
{[%clk 0:33:09]} 22. O-O {[%clk 0:20:58]} Rfb8 {[%clk 0:30:31]} 23. Rab1
{[%clk 0:20:21]} Be8 {[%clk 0:29:43]} 24. Rb2 {[%clk 0:19:23]} Nf7
{[%clk 0:26:08]} 25. Rfb1 {[%clk 0:18:32]} Qc8 {[%clk 0:26:16]} 26. Qf2
{[%clk 0:10:48]} Nh6 {[%clk 0:22:32]} 27. Qe2 {[%clk 0:09:06]} Nf7
{[%clk 0:17:55]} 28. Bc2 {[%clk 0:05:18]} b5 {[%clk 0:13:55]} 29. Bd3
{[%clk 0:01:37]} cxb4 {[%clk 0:14:05]} 30. Rxb4 {[%clk 0:01:54]} Nb6
{[%clk 0:09:42]} 31. R4b3 {[%clk 0:00:54]} Nxc4 {[%clk 0:08:05]} 32. Bxc4
{[%clk 0:01:23]} bxc4 {[%clk 0:08:27]} 33. Rb6 {[%clk 0:01:37]} Rxb6
{[%clk 0:07:23]} 34. Rxb6 {[%clk 0:02:05]} Rb8 {[%clk 0:07:46]} 35. Qb2
{[%clk 0:02:27]} Rxb6 {[%clk 0:08:00]} 36. Qxb6 {[%clk 0:02:56]} Bd7
{[%clk 0:08:20]} 37. Kf2 {[%clk 0:02:57]} Kh7 {[%clk 0:06:59]} 38. Ke1
{[%clk 0:03:01]} Bxg4 {[%clk 0:01:43]} 39. fxg4 {[%clk 0:03:21]} Qxg4
{[%clk 0:02:08]} 40. Qxa6 {[%clk 0:33:22]} Qg3+ {[%clk 0:31:51]} 41. Kd2
{[%clk 0:20:00]} Qg2+ {[%clk 0:32:09]} 42. Kc1 {[%clk 0:17:05]} Qf1+
{[%clk 0:31:44]} 43. Kb2 {[%clk 0:14:03]} Qg2+ {[%clk 0:29:06]} 44. Kb1
{[%clk 0:12:12]} Qh1+ {[%clk 0:22:53]} 45. Bc1 {[%clk 0:10:10]} g4
{[%clk 0:23:17]} 46. Qc8 {[%clk 0:09:51]} g3 {[%clk 0:23:38]} 47. Qf5+
{[%clk 0:04:20]} Kg8 {[%clk 0:23:45]} 48. Qc8+ {[%clk 0:02:16]} Kh7
{[%clk 0:24:10]} 49. Qf5+ {[%clk 0:01:44]} 1/2-1/2